| 000 | 00853cam a2200265 4500 | ||
|---|---|---|---|
| 999 |
_c523384 _d523384 |
||
| 001 | 4078465 | ||
| 003 | NUST | ||
| 005 | 20190130110622.0 | ||
| 008 | 721120s1973 njua b 001 0 eng | ||
| 010 | _a 72012683 | ||
| 020 | _a0139262202 | ||
| 040 |
_aDLC _cDLC _dDLC |
||
| 050 | 0 | 0 |
_aHE333 _b.P53 |
| 082 | 0 | 0 |
_a388.3 _bPIG |
| 100 | 1 |
_aPignataro, Louis J., _d1923- _913583 |
|
| 245 | 1 | 0 |
_aTraffic engineering: theory and practice _c[by] Louis J. Pignataro. With contributions by Edmund J. Cantilli [and others] |
| 260 |
_aEnglewood Cliffs, N.J., _bPrentice-Hall _c[1973] |
||
| 300 |
_aix, 502 p. _billus. _c29 cm. |
||
| 350 | _a$21.00 | ||
| 504 | _aIncludes bibliographical references. | ||
| 650 | 0 |
_aTraffic engineering. _9394 |
|
| 700 | 1 |
_aCantilli, Edmund J. _913584 |
|
| 906 |
_a7 _bcbc _corignew _d1 _eocip _f19 _gy-gencatlg |
||
| 942 |
_2ddc _cBK |
||